=LDR 00000nam 2200000 4500 =001 INLIS000000000019885 =005 20130612114910 =008 ***********************************Ind** =035 ##$$0010-061300000019885 =041 ##$$a Ind =082 ##$$a 828.83 =090 ##$$a 828.83, War b =100 ##$$a Warby, Marjorie =245 ##$$a The blue shy above, a romanc, Marjorie Warby =260 ##$$a 1946 $b London =300 ##$$a 241 hlm, 31 cm =650 ##$$a Kesusastraan Inggris-Penulisan =850 ##$$a NBPNMAT